000 00572nam a2200205Ia 4500
008 220216s9999 xx 000 0 und d
100 _aMondal G C
245 0 _aManagement of purple root disease of Hevea brasiliensis seedings in nursery
260 _bJournal of Plantation Crops
_c2013
300 _a255-257
650 _aBioflora
650 _aHevea brasiliensis
650 _aNorth East India
650 _aPurle root disease
650 _aSeeding nursery
650 _aSystemic fungicides
700 _aDeka H K
700 _aIdicula Sabu P
942 _cJS
999 _c62437
_d62437